Visualizzazione normale
Vista MARC
- Schreker Franz
di Personal Name
Records bibliografici associati: 1
001 - CONTROL NUMBER
- control field: 5955
003 - CONTROL NUMBER IDENTIFIER
- control field: IT-RoPau
005 - DATE AND TIME OF LATEST TRANSACTION
- control field: 20131218120823.0
008 - FIXED-LENGTH DATA ELEMENTS
- fixed length control field: 131218|| aca||aabn | a|a d
040 ## - CATALOGING SOURCE
- Original cataloging agency: IT-RoPau
- Transcribing agency: IT-RoPau
100 ## - HEADING--PERSONAL NAME
- Personal name: Schreker Franz
- Dates associated with a name: Codice autore musica SPICS: 13813
- Relator term: Autore musica
- Name of part/section of a work: Die Gezeichneten: overture
670 ## - SOURCE DATA FOUND
- Source citation: Work cat.: (IT-RoPau)102984: AA.VV. 794, Overture (K.H. Adler)-Lp Decca Sxl 6909